<?xml version="1.0" encoding="UTF-8"?>
<resp>
  <nextPage>https://data.bn.org.pl/api/networks/bibs.marcxml?marc=001+b1000000763654&amp;sinceId=1000000763655</nextPage>
  <collection>
    <record xmlns='http://www.loc.gov/MARC21/slim'><leader>03501nem a2200901 i 4500</leader><controlfield tag='001'>b1000000763654</controlfield><controlfield tag='005'>20241203215848.8</controlfield><controlfield tag='007'>ad#aanzn</controlfield><controlfield tag='008'>200917s1880    gw d      e  |  0   ger c</controlfield><controlfield tag='009'>9911566857905606</controlfield><datafield ind1='0' ind2=' ' tag='034'><subfield code='a'>a</subfield></datafield><datafield ind1=' ' ind2=' ' tag='035'><subfield code='a'>(OCoLC)1042554021</subfield></datafield><datafield ind1=' ' ind2=' ' tag='035'><subfield code='a'>(PL)b1000000763654</subfield></datafield><datafield ind1=' ' ind2=' ' tag='040'><subfield code='a'>WA N</subfield><subfield code='c'>WA N</subfield><subfield code='d'>WA N</subfield></datafield><datafield ind1='2' ind2=' ' tag='045'><subfield code='b'>c0476</subfield><subfield code='b'>d1871</subfield></datafield><datafield ind1=' ' ind2=' ' tag='046'><subfield code='k'>1880</subfield></datafield><datafield ind1=' ' ind2=' ' tag='080'><subfield code='8'>1.1\x</subfield><subfield code='a'>912(4)(084.3)</subfield></datafield><datafield ind1=' ' ind2=' ' tag='080'><subfield code='8'>1.2\x</subfield><subfield code='a'>912(5)(084.3)</subfield></datafield><datafield ind1='1' ind2=' ' tag='100'><subfield code='a'>Spruner, Karl von</subfield><subfield code='d'>(1803-1892)</subfield><subfield code='e'>Autor</subfield></datafield><datafield ind1='1' ind2='0' tag='245'><subfield code='a'>[Spruner-Menke Hand-Atlas für die Geschichte des Mittelalters und der neueren Zeit].</subfield></datafield><datafield ind1='1' ind2=' ' tag='246'><subfield code='i'>Tytuł znad przedmowy na 1. stronie:</subfield><subfield code='a'>Spruner-Menke Hand-Atlas für die Geschichte des Mittelalters und der neueren Zeit</subfield></datafield><datafield ind1='3' ind2=' ' tag='246'><subfield code='a'>Hand-Atlas für die Geschichte des Mittelalters und der neueren Zeit</subfield></datafield><datafield ind1=' ' ind2=' ' tag='250'><subfield code='a'>Dritte Auflage /</subfield><subfield code='b'>von dr. K. v. Spruner&apos;s Handatlas, neu bearbeitet von dr. Th. Menke.</subfield></datafield><datafield ind1=' ' ind2=' ' tag='255'><subfield code='a'>[Skale różne].</subfield></datafield><datafield ind1=' ' ind2=' ' tag='260'><subfield code='a'>In Gotha :</subfield><subfield code='b'>Verlag von Justus Perthes,</subfield><subfield code='c'>[1880].</subfield></datafield><datafield ind1=' ' ind2=' ' tag='300'><subfield code='a'>1 atlas ([5], 42 strony, [90] kart tablic złożonych) ;</subfield><subfield code='b'>miedzioryt,</subfield><subfield code='c'>40 cm.</subfield></datafield><datafield ind1=' ' ind2=' ' tag='336'><subfield code='a'>Mapa 2D</subfield><subfield code='b'>cri</subfield><subfield code='2'>rdacontent</subfield></datafield><datafield ind1=' ' ind2=' ' tag='337'><subfield code='a'>Bez urządzenia pośredniczącego</subfield><subfield code='b'>n</subfield><subfield code='2'>rdamedia</subfield></datafield><datafield ind1=' ' ind2=' ' tag='338'><subfield code='a'>Wolumin</subfield><subfield code='b'>nc</subfield><subfield code='2'>rdacarrier</subfield></datafield><datafield ind1=' ' ind2=' ' tag='380'><subfield code='a'>Mapy</subfield></datafield><datafield ind1='1' ind2=' ' tag='388'><subfield code='a'>1801-1900</subfield></datafield><datafield ind1=' ' ind2=' ' tag='500'><subfield code='a'>Verso tablic: blanco.</subfield></datafield><datafield ind1=' ' ind2=' ' tag='500'><subfield code='a'>Opis na podstawie źródeł.</subfield></datafield><datafield ind1=' ' ind2=' ' tag='500'><subfield code='a'>Na dolnym marginesie tablic adres wydawniczy - Gotha: Justus Perthes i data (najpóźniejsza na tablicy Ungarn N.o 73 - 1879).</subfield></datafield><datafield ind1=' ' ind2=' ' tag='500'><subfield code='a'>Rzeźba terenu: kreskowanie.</subfield></datafield><datafield ind1=' ' ind2=' ' tag='500'><subfield code='a'>Atlas stanowi wybór map dotyczących historii Europy i Rosji oraz Azji Mniejszej.</subfield></datafield><datafield ind1='4' ind2=' ' tag='510'><subfield code='a'>Guide to the great handatlases / Jürgen Espenhorst</subfield><subfield code='c'>Vol. I, s. 398.</subfield></datafield><datafield ind1=' ' ind2='7' tag='648'><subfield code='a'>401-500</subfield><subfield code='2'>DBN</subfield></datafield><datafield ind1=' ' ind2='7' tag='648'><subfield code='a'>1801-1900</subfield><subfield code='2'>DBN</subfield></datafield><datafield ind1=' ' ind2='7' tag='648'><subfield code='a'>1701-1800</subfield><subfield code='2'>DBN</subfield></datafield><datafield ind1=' ' ind2='7' tag='648'><subfield code='a'>1601-1700</subfield><subfield code='2'>DBN</subfield></datafield><datafield ind1=' ' ind2='7' tag='648'><subfield code='a'>1501-1600</subfield><subfield code='2'>DBN</subfield></datafield><datafield ind1=' ' ind2='7' tag='648'><subfield code='a'>501-600</subfield><subfield code='2'>DBN</subfield></datafield><datafield ind1=' ' ind2='7' tag='648'><subfield code='a'>701-800</subfield><subfield code='2'>DBN</subfield></datafield><datafield ind1=' ' ind2='7' tag='648'><subfield code='a'>801-900</subfield><subfield code='2'>DBN</subfield></datafield><datafield ind1=' ' ind2='7' tag='648'><subfield code='a'>1401-1500</subfield><subfield code='2'>DBN</subfield></datafield><datafield ind1=' ' ind2='7' tag='648'><subfield code='a'>1301-1400</subfield><subfield code='2'>DBN</subfield></datafield><datafield ind1=' ' ind2='7' tag='648'><subfield code='a'>1101-1200</subfield><subfield code='2'>DBN</subfield></datafield><datafield ind1=' ' ind2='7' tag='648'><subfield code='a'>901-1000</subfield><subfield code='2'>DBN</subfield></datafield><datafield ind1=' ' ind2='7' tag='650'><subfield code='a'>Historia</subfield><subfield code='2'>DBN</subfield></datafield><datafield ind1=' ' ind2='7' tag='651'><subfield code='a'>Europa</subfield><subfield code='2'>DBN</subfield></datafield><datafield ind1=' ' ind2='7' tag='651'><subfield code='a'>Rosja</subfield><subfield code='2'>DBN</subfield></datafield><datafield ind1=' ' ind2='7' tag='655'><subfield code='a'>Atlas historyczny</subfield><subfield code='2'>DBN</subfield></datafield><datafield ind1=' ' ind2=' ' tag='658'><subfield code='a'>Geografia i nauki o Ziemi</subfield></datafield><datafield ind1=' ' ind2=' ' tag='658'><subfield code='a'>Historia</subfield></datafield><datafield ind1='1' ind2=' ' tag='700'><subfield code='a'>Menke, Theodor</subfield><subfield code='d'>(1819-1892)</subfield><subfield code='e'>Autor</subfield></datafield><datafield ind1='1' ind2=' ' tag='700'><subfield code='a'>Justus Perthes (Gotha).</subfield><subfield code='e'>Wydawca</subfield><subfield code='4'>pbl</subfield></datafield><datafield ind1=' ' ind2=' ' tag='852'><subfield code='8'>22644948500005066</subfield><subfield code='j'>1</subfield><subfield code='h'>ZZK 0.230</subfield><subfield code='b'>BN_PL</subfield><subfield code='p'>888a1107208</subfield><subfield code='c'>bkarta</subfield><subfield code='z'>Defekt - brak karty tytułowej, tylko strony 33-36, tablice 67-73 ; egzemplarz ręcznie kolorowany ; wtórna oprawa z błędną datą wydania 1871.</subfield></datafield><datafield ind1=' ' ind2=' ' tag='852'><subfield code='b'>48OMNIS_NETWORK</subfield><subfield code='8'>9911566857905606</subfield></datafield><datafield ind1=' ' ind2=' ' tag='852'><subfield code='b'>48OMNIS_NLOP</subfield><subfield code='8'>991052748415405066</subfield></datafield><datafield ind1=' ' ind2=' ' tag='950'><subfield code='u'>https://eu05.alma.exlibrisgroup.com/view/uresolver/48OMNIS_NETWORK/openurl?u.ignore_date_coverage=true&amp;portfolio_pid=53698622180005066&amp;Force_direct=true</subfield><subfield code='z'>Zobacz w Polonie: egzemplarz ZZK 0.230</subfield><subfield code='8'>53698622180005066</subfield></datafield></record>
  </collection>
</resp>
